| 000 | 00899nam a2200241 i 4500 | ||
|---|---|---|---|
| 001 | bg | ||
| 100 | 1 | _aDYBKO, Artur | |
| 245 | 1 | 0 |
_aChemical sensors : _btechnology and metrology / _cArtur Dybko. |
| 260 |
_aWarszawa : _bOficyna Wydawnicza PW, _c2001. |
||
| 300 |
_a91, [3] s. : _bil. (w tym kolor.) ; _c24 cm. |
||
| 490 | 1 |
_aPrace Naukowe / Politechnika Warszawska. Chemia, _x0137-2300 ; _vz. 69 |
|
| 500 | _aW nagł. nazwa serii: Prace Naukowe Politechniki Warszawskiej. Opis wg okł. - Streszcz. pol. | ||
| 504 | _aBibliogr. | ||
| 650 | 9 |
_aCzujniki chemiczne _xbadanie |
|
| 650 | 9 |
_aDegradacja środowiska _xpomiary _xurządzenia |
|
| 650 | 9 |
_aŚwiatłowody _xstosowanie |
|
| 830 | 0 |
_aPrace Naukowe (Politechnika Warszawska). _pChemia ; _vz. 69 |
|
| 040 | _cBPK | ||
| 041 | 0 |
_aen _bpl |
|
| 080 | _a681.58:543:621.372:535.8:004.421 | ||
| 942 | _cKS | ||
| 008 | s pl f |000 0 pol | ||
| 999 |
_c40625 _d40625 |
||
| 856 |
_uhttp://koha.tu.koszalin.pl/cgi-bin/koha/opac-detail.pl?biblionumber=40625 _yKatalog online BPK |
||